Home video /

Bibliographic Details
Main Author: Grosswirth, Marvin, 1931-1984
Format: Book
Language:English
Published: Garden City, N.Y. : Dolphin Books, [1981]
Subjects:

MARC

Tag First Indicator Second Indicator Subfields
LEADER 00000cam a2200000 a 4500
001 in00000050942
005 20151007080047.0
008 810306s1981 nyua b 00010 eng
010 |a  80002960  
019 |a 8024524 
020 |a 0385172850 :  |c $8.95 
035 |a (OCoLC)07272420 
035 |9 AAF4202AM 
039 0 |a 2  |b 3  |c 3  |d 3  |e 3 
040 |a DLC  |c DLC  |d TXA  |d UtOrBLW 
049 |a TXAM  |c [1362423] 
050 0 0 |a TK9961  |b  G76 
082 0 |a 621.388/33  |2 19 
100 1 |a Grosswirth, Marvin,  |d 1931-1984. 
245 1 0 |a Home video /  |c Marvin Grosswirth. 
264 1 |a Garden City, N.Y. :  |b Dolphin Books,  |c [1981] 
264 4 |c ©1981 
300 |a 160 pages :  |b illustrations ;  |c 26 cm. 
336 |a text  |b txt  |2 rdacontent 
337 |a unmediated  |b n  |2 rdamedia 
338 |a volume  |b nc  |2 rdacarrier 
500 |a "A Doubleday Dolphin book". 
504 |a Bibliography: pages 153-154. 
650 0 |a Home video systems. 
999 |a MARS 
999 f f |s ac4edd27-6e31-3b49-a5d8-da1df61bbcf9  |i 2fcbade9-f6dd-3afc-bb77-d5779e631fcd  |t 0 
952 f f |p ric  |a Texas A&M University  |b Rellis Campus  |c Joint Library Facility  |d Remote Storage  |t 0  |e TK9961 G76  |h Library of Congress classification  |i unmediated -- volume  |m A14805934463 
998 f f |a TK9961 G76  |t 0  |l Remote Storage